La izquierda del Psoe : 1935-1936 /

Պահպանված է:
Մատենագիտական մանրամասներ
Հիմնական հեղինակ: Juliá, Santos (autor)
Ձևաչափ: Գիրք
Լեզու:իսպաներեն
Շարք:(Historia)
Խորագրեր:
Ցուցիչներ: Ավելացրեք ցուցիչ
Չկան պիտակներ, Եղեք առաջինը, ով նշում է այս գրառումը!

MARC

LEADER 00000nam^a2200000^a^4500
001 000074256
005 20250521000000.0
009 20260310091657.394
020 |a 84-323-0278-3 
037 |a Acervo ITESO - Biblioteca 
041 |a ESP 
082 |a 324. 24607  |b JUL 
100 |a Juliá, Santos  |e (autor) 
245 1 3 |a La izquierda del Psoe :  |b 1935-1936 /  |c S. Juliá. 
264 |a Madrid, España :  |b Siglo XXI,  |c 1977 
300 |a 328 p. 
336 |a texto  |b txt  |2 rdacontenido 
337 |a sin mediación  |b n  |2 rdamedio 
338 |a volumen  |b nc  |2 rdasoporte 
440 1 |a (Historia) 
649 |a XX 
650 |a Política -  |z España 
650 |a Izquierda, La -  |z España 
650 |a Partido Socialista Obrero Español 
650 |a España -  |x Historia -  |y República, 1931-1939 
910 |a Fondo Armando Suárez Gómez 
920 |a Impresos - Libros 
930 |a Fondos Especiales 
905 |a 111 
901 |a 0700004322  |b IT2  |c ESP  |u 20250521 
902 |a https://opac.biblio.iteso.mx/vufind/Record/000074256